[Event "EICC 2017"]
[Site "Minsk"]
[Date "2017.05.31"]
[Round "2"]
[White "Kanmazalp, Ogulcan"]
[Black "Andreikin, Dmitry"]
[Result "0-1"]
[WhiteElo "2447"]
[BlackElo "2723"]
[Annotator "TA"]
[PlyCount "76"]
[EventDate "2017.??.??"]
[EventCountry "BLR"]
[SourceTitle "playchess.com"]
[Source "ChessBase"]
[SourceQuality "1"]

{[%evp 16,76,6,0,0,4,23,0,30,14,29,0,20,0,0,-26,0,-25,-12,-22,-27,-26,0,0,12,12,40,26,28,18,21,15,14,0,0,0,0,0,20,0,25,20,44,0,0,0,0,0,0,0,0,0,0,0,0,0,0,0,0,0,0,-382,-359]} 1. Nf3 b6 2. g3 Bb7 3. Bg2 g6 4. O-O Bg7 5. d4 Nf6 6. c4 O-O 7. Nc3 Ne4 8. Nxe4 Bxe4 9. Be3 d6 {A50: Queen's Fianchetto Defence (1 d4 Nf6 2 c4 b6)} 10. Qd2 Re8 (10... c5 11. Rfd1 Nc6 12. d5 Bxf3 13. Bxf3 Ne5 14. Rac1 Nxf3+ 15. exf3 Qd7 16. b3 b5 17. cxb5 Qxb5 {1-0 (43) Kovalenko,I (2680)-Popov,I (2650) Minsk 2015}) 11. Bh6 Bf6 {The position is equal.} 12. Rad1 $146 ({Predecessor:} 12. Qf4 Bb7 13. Bg5 Nd7 14. Qh4 c5 15. Rad1 Bxf3 16. Bxf3 Rc8 17. Bxf6 Nxf6 {0-1 (40) Pogan,N (2240)-Jovanic,O (2511) Livigno 2012}) 12... Nd7 13. h4 c5 14. Qf4 Bb7 15. d5 b5 16. b3 Qa5 17. Rd2 bxc4 18. bxc4 Ba6 19. Bh3 Nb6 20. Rc1 Qa4 {[%cal Ra6c4]} 21. Rdc2 (21. Ng5 $5 {[%cal Rg5f7]}) 21... Bc8 22. Bxc8 Raxc8 23. h5 Nd7 24. hxg6 hxg6 25. Bg5 Kg7 26. Bh6+ Kg8 27. Bg5 Bg7 28. Kg2 e5 29. dxe6 Rxe6 30. Rd2 Rce8 31. Rxd6 Re4 32. Qd2 Rxe2 33. Qd3 Nb6 $36 {[%mdl 2048] Black is more active.} 34. Rd8 Rxd8 35. Qxd8+ Re8 36. Qd6 Rc8 37. Ne5 {aiming for Nxg6!} Qe8 38. Re1 $2 {[%mdl 8192] [#]} (38. Bf6 $11 {and White has nothing to worry.}) 38... Nxc4 $1 {[%mdl 512] Precision: White = 35%, Black = 44%.} 0-1

[Event "EICC 2017"]
[Site "Minsk"]
[Date "2017.05.31"]
[Round "2"]
[White "Mindlin, Alon"]
[Black "Safarli, Eltaj"]
[Result "1/2-1/2"]
[WhiteElo "2436"]
[BlackElo "2668"]
[Annotator "TA"]
[PlyCount "127"]
[EventDate "2017.??.??"]
[EventCountry "BLR"]
[SourceTitle "playchess.com"]
[Source "ChessBase"]
[SourceQuality "1"]

{[%evp 15,127,11,19,-16,-4,-18,-18,-24,-17,-22,-21,-43,-37,-47,-33,-33,-21,-29,-27,-41,-32,-35,-35,-53,-48,-60,-57,-57,-56,-57,-60,-59,-54,-58,-56,-55,-22,-35,-33,-75,-59,-84,-60,-52,-30,-33,0,-47,-33,-177,-107,-144,-141,-120,-87,-110,-121,-145,-142,-142,-142,-135,-142,-145,-145,-145,-135,-149,-144,-147,-108,-229,-217,-197,-101,-263,-224,-830,-547,-545,-540,-467,-441,-426,-198,-769,-777,-697,-134,-196,0,-658,-683,-1688,-648,-582,0,0,0,-604,0,0,0,0,0,0,0,0,0,0,0,0,0,0]} 1. d4 Nf6 2. c4 e6 3. Nc3 Bb4 4. e3 O-O 5. Bd3 d5 6. Nf3 b6 7. O-O Ba6 {E52: Nimzo-Indian: Rubinstein: 4...0-0 5 Nf3 d5 6 Bd3 b6} 8. Qe2 (8. cxd5 exd5 9. Bxa6 Nxa6 10. Qa4 Qc8 11. Bd2 Re8 12. Rac1 Bf8 13. Ne2 c5 14. dxc5 bxc5 15. Ng3 {½-½ (30) Vitiugov,N (2726)-Ponomariov,R (2709) Tallinn 2016}) 8... c5 {LiveBook: 4 Games} 9. Rd1 (9. Bd2 {is more complex.} cxd4 10. Nxd4 e5 11. Ndb5 Bxb5 12. cxb5 Nbd7 13. Rad1) 9... cxd4 10. exd4 dxc4 11. Bxc4 Bxc4 12. Qxc4 Bxc3 13. Qxc3 $146 ({Predecessor:} 13. bxc3 Qd5 14. Qd3 Rc8 15. Bb2 Nbd7 {0-1 (29) Unzicker,F (2321)-Werle,J (2534) Germany 2016}) 13... Nd5 14. Qa3 f6 15. Bd2 Nc6 {[%cal Bb8c6,Bc6d8,Bd8f7,Bf7d6,Bd6f5][%mdl 32]} 16. Re1 Qd7 17. Re4 Rfc8 18. Rae1 Nd8 19. Rg4 {Strongly threatening Bh6.} Nf7 20. h4 h5 21. Rge4 Re8 22. R4e2 Nd6 23. Qd3 Rac8 24. Nh2 Nf5 25. Re4 Qf7 26. Nf1 Rc6 27. b4 Nd6 28. b5 Rc7 (28... Nxe4 $6 29. bxc6 f5 30. Ng3 $11) 29. R4e2 Nf5 30. Re4 $1 Rce7 31. Bc1 Qg6 $36 {[%mdl 2048] Black has the initiative.} 32. Qh3 (32. Qb3 $1 $15) 32... Kf7 (32... Rc8 $19 33. Bd2 Rc4) 33. Qb3 $17 Nd6 $1 {[%cal Rd6e4]} 34. R4e2 Rc7 35. Ng3 Qg4 36. Ba3 Rc3 $1 {[%cal Rc3b3]} 37. Qa4 Rxg3 $1 38. fxg3 Nc3 $1 {[%cal Rc3a4]} 39. Qxa7+ Re7 40. Qb8 Nxe2+ 41. Rxe2 Rb7 $1 {[%cal Rb7b8]} (41... Qxe2 42. Bxd6 Rd7 43. Qxb6 $15) (41... Nxb5 $6 42. Bxe7 Qxe2 43. Qf8+ Kg6 44. Bxf6 $1 $11 {[%mdl 512]}) 42. Qa8 Rc7 {[%mdl 1024] Black has strong compensation.} 43. Qd8 (43. Bxd6 $2 Rc1+ 44. Kf2 Qxd4+ 45. Re3 Rc2+ 46. Kf1 Qxe3 $19) (43. Rf2 $17 Qxd4 44. Qf3) 43... Ra7 $19 44. Rf2 (44. Qxb6 $2 Nc8 $19) 44... Nf5 (44... Nxb5 45. Bb2 $11 (45. Bb4 Nxd4 46. Qxb6 Rd7 $17)) (44... Qd1+ $19 45. Kh2 Ne4 46. Qf8+ Kg6 47. Qe8+ Rf7) 45. d5 $2 (45. Qf8+ $17 {was called for.} Kg6 46. Qe8+ Kh7 47. Qxe6 Qd1+ 48. Rf1 Qxd4+ 49. Kh2 Nxg3 50. Kxg3 Rxa3+ 51. Rf3) 45... e5 (45... Rxa3 46. dxe6+ Kg6 47. Rf4 $17 (47. e7 Nxe7 48. Qe8+ Kh7 $17)) (45... Nxg3 46. Bd6 $19) 46. d6 $2 (46. Rf3 $2 Qd4+ 47. Kh2 Nh6 $19) (46. Bb4 Qd1+ 47. Rf1 Qd4+ 48. Kh2) 46... Qd1+ (46... Rxa3 47. d7 $11) 47. Rf1 Qd4+ 48. Kh2 Ne3 49. Rc1 Qd2 ({Worse is} 49... Rxa3 50. d7 $11) (49... Ng4+ $142 50. Kh1 Qd3) 50. Rg1 $2 (50. Rc7+ Rxc7 51. Qxc7+ Kg6 52. Qc6) 50... Ng4+ (50... Rxa3 51. d7 $11) 51. Kh1 Nf2+ $2 (51... Rxa3 52. d7 $11) (51... Qd3 52. d7 Rxd7 53. Qf8+ Kg6) 52. Kh2 Ng4+ $2 ({And not} 52... Rxa3 53. d7 $11) (52... Qd4 53. d7 Ng4+ 54. Kh1 Nf2+ 55. Kh2 Ng4+ 56. Kh3 Nf2+ 57. Kh2) 53. Kh1 Qd3 ({Inferior is} 53... Rxa3 54. d7 $11) 54. Qh8 Rxa3 (54... Kg6 $142 55. Qe8+ Rf7) 55. Rc1 {[#]} Kg6 $2 (55... Rc3 $1 $19 {[%cal Rc3c1]} 56. Qxh5+ g6 57. Qh7+ Ke6 58. Qe7+ Kd5 59. Qb7+ Kxd6) 56. Qe8+ $11 Kh6 {Hoping for ...Ra7.} (56... Kh7 $5 57. d7 $8 Nf2+ 58. Kg1 Kh6 $11) 57. Qh8+ $2 {[%mdl 8192]} (57. d7 $11) 57... Kg6 $2 (57... Qh7 $19 58. Qxh7+ Kxh7) 58. Qe8+ {The position is equal.} Kh6 {And now ...Ra7 would win.} 59. d7 Nf2+ (59... Qd2 $5 60. Qh8+ $8 Kg6 61. Qe8+ Kh6 62. Qh8+ Kg6 63. Qe8+ Kh6 $11) 60. Kg1 {[#]} Nh3+ $1 {[%mdl 512]} 61. Kh1 (61. gxh3 Qxg3+) 61... Nf2+ 62. Kg1 {[#]} Nh3+ $1 {[%mdl 512]} 63. Kh1 (63. gxh3 Qxg3+) 63... Nf2+ 64. Kg1 {Precision: White = 36%, Black = 67%.} 1/2-1/2

[Event "EICC 2017"]
[Site "Minsk"]
[Date "2017.05.31"]
[Round "2"]
[White "Pavlov, Sergey"]
[Black "Rakhmanov, Aleksandr"]
[Result "1/2-1/2"]
[WhiteElo "2432"]
[BlackElo "2676"]
[Annotator "TA"]
[PlyCount "33"]
[EventDate "2017.??.??"]
[EventCountry "BLR"]
[SourceTitle "playchess.com"]
[Source "ChessBase"]
[SourceQuality "1"]

{[%evp 15,18,27,18,28,15]} 1. c4 d6 2. d4 Nf6 3. Nf3 g6 4. g3 Bg7 5. Bg2 c6 6. O-O O-O 7. Nc3 Bf5 8. Qb3 Qb6 9. Re1 {E62: King's Indian: Fianchetto: 6...c6 and Panno Variation (6...Nc6) without ...a6} d5 {Predecessor:} 10. Qxb6 $146 axb6 11. cxd5 Nxd5 12. Nxd5 cxd5 13. Bd2 Nc6 14. e3 Be4 15. Rec1 Rfc8 16. Ne1 Bxg2 17. Kxg2 {½-½ (43) Brynell,S (2498)-L'Ami,E (2615) Helsingor 2012} 1/2-1/2

[Event "EICC 2017"]
[Site "Minsk"]
[Date "2017.05.31"]
[Round "2"]
[White "Kessler, Luca"]
[Black "Ponkratov, Pavel"]
[Result "0-1"]
[WhiteElo "2431"]
[BlackElo "2590"]
[Annotator "TA"]
[PlyCount "52"]
[EventDate "2017.??.??"]
[EventCountry "BLR"]
[SourceTitle "playchess.com"]
[Source "ChessBase"]
[SourceQuality "1"]

{[%evp 17,52,27,32,24,36,-6,-4,0,0,-28,-9,-58,-48,-72,-79,-64,-83,-116,-102,-102,-135,-153,-118,-97,-83,-191,-181,-210,-214,-365,-336,-314,-305,-461,-412,-1014,-1012]} 1. e4 c5 2. Nf3 b6 3. d4 cxd4 4. Nxd4 Bb7 5. Nc3 a6 6. Be2 e6 {B27: Sicilian: 2 Nf3, unusual Black 2nd moves} 7. O-O d6 (7... Qc7 8. Be3 Nf6 9. f3 Bd6 10. h3 Nh5 11. Bf2 Bh2+ 12. Kh1 Bg3 13. Qd2 Bf4 14. Qd3 {0-1 (23) Muzychuk,M (2529)-Koneru,H (2581) Beijing 2014}) 8. f4 Nd7 9. Bf3 Qc7 {LiveBook: 6 Games} 10. Be3 Ngf6 11. Nb3 b5 12. a3 Be7 13. g4 h6 14. Bg2 $146 ({Predecessor:} 14. h4 g6 15. Qe2 Rc8 16. Rad1 {1-0 (34) Pinski,J (2150)-Banas,J (2390) Bojnice 1994}) 14... Rc8 15. h3 Nb6 16. Na5 Ba8 17. g5 Nfd7 18. gxh6 gxh6 19. f5 {With the idea fxe6.} e5 20. Qd2 Rg8 {And now ...Na4 would win.} 21. Bxh6 (21. Kh2 $17 {is a better defense.}) 21... Nf6 $19 {Hoping for ...Nxe4.} 22. Rae1 d5 23. exd5 $2 {[#]} (23. Kh2 b4 24. Nxd5 Nbxd5 25. exd5 e4+ 26. Bf4 Qxa5 27. Bxe4 Nxe4 28. Rxe4 Qxd5 29. Re2 Qxd2 30. Rxd2 bxa3 31. bxa3) 23... Nbxd5 24. Nxd5 Nxd5 (24... Bxd5 $2 25. Re2 $19) 25. Re2 (25. Kh1 $142 Ne3 26. Bxa8 Nxf1 27. Rxf1 Rxa8 28. Qd5) 25... Rd8 26. Kh1 {[#]} (26. Kh2 $142 b4 27. Qe1) 26... Rxg2 $1 {[%mdl 512] Precision: White = 24%, Black = 96%.} 0-1

[Event "EICC 2017"]
[Site "Minsk"]
[Date "2017.05.31"]
[Round "2"]
[White "Koksal, Ege"]
[Black "Lysyj, Igor"]
[Result "0-1"]
[WhiteElo "2405"]
[BlackElo "2643"]
[Annotator "TA"]
[PlyCount "146"]
[EventDate "2017.??.??"]
[EventCountry "BLR"]
[SourceTitle "playchess.com"]
[Source "ChessBase"]
[SourceQuality "1"]

{[%evp 9,146,0,0,0,0,0,0,0,0,0,0,-6,0,-8,-8,0,0,-7,-6,-14,-14,-25,-28,-24,-25,-31,-35,-35,-37,-27,-13,-19,-22,-25,-22,-29,-26,-26,-21,-22,-25,-23,-19,-25,-20,-40,-37,-33,-31,-40,-15,-27,-22,-30,-9,-9,-12,-16,-17,-25,-25,-28,-32,-45,-37,-40,-32,-93,-93,-118,-99,-138,-138,-138,-90,-74,-54,-115,-106,-111,-104,-112,-108,-115,-115,-114,-108,-115,-104,-101,-99,-115,-115,-115,-115,-115,-110,-122,-122,-122,-115,-122,-114,-122,-122,-122,-114,-122,-114,-114,-114,-115,-115,-115,-115,-115,-100,-579,-553,-578,-578,-543,-526,-574,-544,-582,-607,-954,-926,-909,-904,-1444,-1543,-29978,-29979,-29977,-12837,-12835,-6295]} 1. d4 Nf6 2. Nf3 d5 3. c4 e6 4. g3 Bb4+ 5. Bd2 Be7 6. Bg2 {E11: Bogo-Indian} Nbd7 (6... O-O 7. O-O Nbd7 8. Qc2 c6 9. Rd1 b6 10. b3 a5 11. Bc3 Ne4 12. Ne5 Nxe5 13. Bxe4 f5 14. Bxd5 exd5 15. dxe5 f4 16. cxd5 cxd5 17. Bd4 Ba6 18. Qc6 Bxe2 {½-½ (28) Ding,L (2773)-Giri,A (2785) Moscow 2017}) 7. Qc2 c6 8. O-O {The position is equal.} b6 9. cxd5 cxd5 10. Bg5 $146 ({Predecessor:} 10. Bf4 Bb7 11. Rc1 O-O 12. Qb3 Rc8 13. Rxc8 Qxc8 14. Nc3 a6 15. Rc1 Qa8 16. Na4 b5 17. Nc5 Rc8 18. Nxb7 Rxc1+ 19. Bxc1 Qxb7 {½-½ (39) Lysyj,I (2643)-Xu,Y (2540) Moscow 2017}) 10... Bb7 11. Nbd2 O-O 12. Rfc1 h6 {Threatens to win with ...Rc8.} 13. Bxf6 Nxf6 14. Qc7 Rb8 15. e3 (15. Qc2 {feels hotter.} Qd7 16. Qb3 Rbc8 17. Ne5 Qd6 18. a3) 15... Qxc7 16. Rxc7 Bd6 17. Rc2 Rfc8 18. Rac1 Rxc2 19. Rxc2 Nd7 20. Bf1 Kf8 21. Bb5 Ke7 22. Kf1 a6 23. Bd3 g5 24. Ke2 Rc8 (24... g4 {is more complex.} 25. Nh4 h5 26. a3 Rg8 27. Rc1 Nf6) 25. Rxc8 Bxc8 26. h4 f6 27. Nb3 Nb8 28. a3 Nc6 29. Bc2 g4 30. Ne1 a5 31. Bd3 Bd7 32. Nc2 Na7 33. Nc1 Nb5 34. Kd2 Bc7 35. Ne2 Nd6 36. Nc3 b5 {[%cal Bb6b5,Bb5b4][%mdl 32]} 37. b3 Bb6 38. a4 (38. Ke2 $15) 38... b4 $1 $17 {[%cal Rb4c3]} 39. Ne2 e5 40. Ne1 Bc8 41. Bb1 Nf7 42. Bh7 Nd8 43. Nc2 ({White should try} 43. Ng2 $15) 43... Kd6 44. Bd3 Nc6 45. Bg6 Be6 46. Bd3 Ne7 47. Ne1 Kc7 48. Nc2 Nc8 49. Nc1 Kd6 50. Ba6 Ne7 51. Bd3 Bd7 52. Ne2 Ke6 53. Nc1 Nf5 54. Ne2 Nd6 55. Nc1 Kf7 56. Ne2 Kg7 57. Nc1 h5 58. Ne2 Bc6 59. Nc1 Be8 60. Ke2 Bg6 61. Bxg6 Kxg6 {[%mdl 4096] Endgame KBN-KNN} 62. Nd3 Kf5 63. Nc5 $2 {[%mdl 8192] [#]} (63. dxe5 $17 fxe5 64. Kf1) 63... Bxc5 $1 $19 64. dxc5 {[#] KN-KN} Ne4 $1 65. c6 Ke6 66. Ne1 Kd6 67. Nd3 Kxc6 68. Kd1 Nc5 69. Nc1 Kd6 70. Kc2 Ke6 71. Nd3 Nxd3 72. Kxd3 f5 (72... Kf5 $142 73. e4+ Ke6 74. Ke3 f5 75. exd5+ Kxd5 76. f4 gxf3 77. Kxf3 Kd4 78. Kf2 Kc3 79. Ke2 Kxb3 80. Ke1 Kc2 81. Kf2 b3 82. Ke3 e4 83. Kd4 b2 84. Ke5 b1=Q 85. Kxf5 e3 86. Ke4 e2 87. Kf4 e1=Q 88. g4 Qb6 89. gxh5 Qf6+ 90. Kg4 Qexh4#) 73. Ke2 f4 {Precision: White = 42%, Black = 68%.} 0-1

[Event "EICC 2017"]
[Site "Minsk"]
[Date "2017.05.31"]
[Round "2"]
[White "Schekachikhin, Maksim"]
[Black "Sargissian, Gabriel"]
[Result "0-1"]
[WhiteElo "2395"]
[BlackElo "2650"]
[Annotator "TA"]
[PlyCount "104"]
[EventDate "2017.??.??"]
[EventCountry "BLR"]
[SourceTitle "playchess.com"]
[Source "ChessBase"]
[SourceQuality "1"]

{[%evp 19,104,-35,-40,-80,85,95,87,60,52,36,57,0,0,0,0,0,0,0,0,-37,-58,-107,-100,-82,-84,-89,-95,-104,-106,-88,-92,-558,-549,-534,-237,-231,-189,-191,-119,-114,-114,-118,-119,-99,-102,-264,-264,-264,-264,-264,-264,-276,-276,-276,-277,-276,-250,-363,-363,-399,-363,-363,-363,-637,-387,-636,-617,-558,-580,-403,-597,-690,-676,-610,-610,-594,-585,-699,-677,-724,-711,-774,-715,-1845,-1713,-880,-1206]} 1. d4 Nf6 2. c4 e6 3. Nf3 Bb4+ 4. Nbd2 d5 5. Qa4+ Nc6 6. Ne5 Bd7 {E11: Bogo-Indian} 7. Nxc6 (7. Nxd7 Nxd7 8. e3 Nb6 9. Qc2 dxc4 10. Bxc4 Nxc4 11. Qxc4 Qd5 {½-½ (11) Brown,A (2232)-Johansen,D (2370) Melbourne 2016}) 7... Bxd2+ 8. Bxd2 Bxc6 9. Qc2 dxc4 10. Qxc4 Ne4 {LiveBook: 3 Games} 11. Bf4 Nxf2 $146 (11... Qf6 $1 $17 {[%cal Rf6f4]} 12. Be3 Qh4) ({Predecessor:} 11... Qf6 12. Be3 Nd6 13. Qc3 Nf5 {½-½ (56) Petrovs,V-Keres,P Munich 1936}) 12. Kxf2 $16 {Threatens to win with e3.} Qf6 13. Ke3 $1 O-O-O $1 14. g3 Qe7 15. Rg1 (15. Bh3 $1 $14 Bd5 16. Qc5 Qxc5 17. dxc5 Bxh1 18. Rxh1) 15... g5 $11 16. Be5 f6 17. Bg2 $1 {[%cal Rg2c6]} fxe5 18. Bxc6 {Strongly threatening Be4.} bxc6 19. Qa6+ Kb8 20. Qxc6 {Threatening Qb5+.} Qb4 ({Much worse is} 20... Rxd4 $6 21. Qb5+ Kc8 22. Qa6+ Kb8 23. Qb5+ Kc8 24. Qa6+ Kb8 25. Qb5+ $11) 21. Rgd1 exd4+ 22. Kd3 Rd6 $36 {[%mdl 2048] Keeping White busy.} 23. Qc4 Qb7 24. Rac1 e5 {Hoping for ...e4+.} 25. Rf1 $2 {[%mdl 8192]} (25. e4 $17 {is a better chance.}) 25... e4+ $19 26. Kd2 e3+ (26... d3 $142 27. Qb3 e3+ $1 {[%mdl 512]} 28. Kxe3 Re8+ 29. Kf2 Rxe2+ 30. Kg1 Rg2+ 31. Kh1 Rxb2+ 32. Qxb7+ Kxb7) 27. Ke1 Rc8 28. Qd3 Qb4+ ({Better is} 28... c5 $19 {aiming for ...Qb4+.} 29. Kd1 Rb6) 29. Kd1 $17 Qa4+ 30. Qb3+ Qxb3+ 31. axb3 {[%mdl 4096] Endgame KRR-KRR} d3 {[%cal Bd4d3,Bd3d2][%mdl 32]} 32. Rc3 $2 (32. Rf3 $17) 32... Re8 $19 33. Rf7 {[#]} d2 $1 {...Ra6 is the strong threat.} 34. Rf3 ({Avoid the trap} 34. Rcxc7 $2 Ra6 $19) 34... Rde6 35. g4 Kb7 36. Rh3 Re4 37. Rf3 R8e6 38. h3 (38. Rh3 {was worth a try.}) 38... Kb6 39. Rg3 Kb5 40. Rf3 c5 {[%cal Bc7c5,Bc5c4][%mdl 32]} 41. Rg3 $2 (41. h4 gxh4 42. Rd3) 41... a5 42. Rf3 h6 43. Rg3 a4 44. bxa4+ Kxa4 45. Rf3 {Black is clearly winning.} c4 46. Kc2 Kb4 47. Ra3 Kc5 48. Ra5+ Kd4 49. Rf8 {Intending Rd8+ and mate.} R4e5 50. Ra4 Rb6 {( -> ...Rxb2+!)} 51. Rc8 Rc5 ({Stronger than} 51... Rxb2+ 52. Kxb2 d1=Q 53. Raxc4+ Kd5 54. Rd8+ Kxc4 55. Rxd1 $11) 52. Rd8+ Rd5 {Precision: White = 44%, Black = 77%.} 0-1

[Event "EICC 2017"]
[Site "Minsk"]
[Date "2017.05.31"]
[Round "2"]
[White "Lavrov, Maxim"]
[Black "Kobalia, Mikhail"]
[Result "1-0"]
[WhiteElo "2369"]
[BlackElo "2624"]
[Annotator "TA"]
[PlyCount "103"]
[EventDate "2017.??.??"]
[EventCountry "BLR"]
[SourceTitle "playchess.com"]
[Source "ChessBase"]
[SourceQuality "1"]

{[%evp 12,103,40,16,27,22,40,36,37,42,88,68,114,117,164,88,90,91,91,79,95,92,84,92,88,88,95,92,92,99,102,92,92,92,86,43,56,44,60,59,112,104,123,33,32,29,59,38,50,49,81,28,28,21,14,14,126,126,118,13,104,95,145,147,147,140,186,170,262,249,224,221,544,530,532,487,472,478,480,470,477,460,503,468,466,467,617,607,828,639,956,948,2072,1866]} 1. e4 {[%cal Be2e4,Be4e5][%mdl 32]} c5 2. c3 Nf6 3. e5 Nd5 4. Nf3 e6 5. Bc4 Nb6 6. Bb3 d6 7. exd6 Bxd6 {B22: Sicilian: 2 c3} 8. d4 O-O (8... cxd4 9. cxd4 O-O 10. O-O Bd7 11. Nc3 Bc6 12. Ne5 Bxe5 13. dxe5 N8d7 14. Bf4 Nc5 15. Bc2 {½-½ (26) Zvjaginsev,V (2660)-Andreikin,D (2723) Sochi 2015}) 9. O-O Bd7 {White is slightly better.} 10. Bc2 $146 ({Predecessor:} 10. Be3 Qe7 11. Nbd2 Bc6 12. Re1 h6 13. Qe2 N8d7 14. Rad1 Nd5 15. Ne4 Nxe3 16. Qxe3 Bxe4 17. Qxe4 {½-½ (93) Leon Cazares,G (2059)-Monev,A (2224) London 2017}) 10... f5 11. Re1 c4 12. b3 Qc7 13. Ba3 (13. a4 $18) 13... Nc6 $16 14. Bxd6 Qxd6 15. Nbd2 cxb3 16. axb3 Nd5 17. Nc4 Qc7 18. Qd2 Rad8 19. Bd3 Bc8 20. b4 a6 21. Rac1 b5 22. Nce5 Nxe5 23. Rxe5 Rd6 24. c4 bxc4 25. Bxc4 Qb7 (25... Qd8 $14) 26. Bxd5 Rxd5 27. Rxd5 (27. Rc5 $1 $16) 27... Qxd5 $14 28. Rc7 {aiming for Qg5.} h6 $1 29. h4 Bb7 30. Qf4 $40 {[%mdl 128] White has some attack.} Rf7 31. Rc5 (31. Rxf7 $16 {White threatens Qc7 and mate.} Kxf7 32. Qb8) 31... Qe4 $11 32. Qxe4 Bxe4 {[%mdl 4096] Endgame KRB-KRN} 33. Ne5 Rf8 (33... Rb7 $11 {keeps the balance.}) 34. f3 $16 Bd5 {[#]} 35. Rc7 ({White should try} 35. h5 $1 $16) 35... h5 (35... g5 $1 $11 {remains equal.}) 36. Kf2 Rb8 37. Nd3 Kh7 38. Ke3 Kh6 {[#]} 39. Kf4 $1 Rd8 (39... Bb3 {was worth a try.} 40. Rc6 g6) 40. Ke5 $18 Rb8 41. Nf4 Ba2 $2 (41... Rxb4 {is a better chance.} 42. Nxe6 (42. Nxd5 exd5 43. Kxd5 a5 $16) 42... Bxe6) 42. Nxe6 {White is clearly winning.} Rb5+ 43. Nc5 Rxb4 44. Rc6+ g6 45. Rxa6 Rb2 46. g3 Re2+ 47. Kf4 Bc4 48. Rd6 Bb5 49. d5 Bc4 50. Nd7 Rd2 51. Ne5 Bxd5 52. Nxg6 {Precision: White = 61%, Black = 43%.} 1-0

[Event "EICC 2017"]
[Site "Minsk"]
[Date "2017.05.31"]
[Round "2"]
[White "Kerigan, Demre"]
[Black "Bluebaum, Matthias"]
[Result "0-1"]
[WhiteElo "2358"]
[BlackElo "2632"]
[Annotator "TA"]
[PlyCount "46"]
[EventDate "2017.??.??"]
[EventCountry "BLR"]
[SourceTitle "playchess.com"]
[Source "ChessBase"]
[SourceQuality "1"]

{[%evp 10,46,25,14,22,21,18,20,29,16,21,2,8,0,7,-41,0,0,0,0,0,-81,-70,-116,-114,-114,-112,-239,-239,-244,-253,-248,-260,-345,-348,-343,-337,-315,-266]} 1. e4 c6 2. d4 d5 3. e5 Bf5 4. Nd2 e6 5. Nb3 Nd7 6. Nf3 h6 {B12: Caro-Kann: Advance Variation} 7. Be2 Ne7 8. O-O g5 {The position is equal.} (8... Qc7 9. Bd2 g5 10. c4 a5 11. Rc1 dxc4 12. Bxc4 Bg7 13. Re1 O-O 14. h4 g4 {1-0 (39) Vachier Lagrave,M (2804)-Tomashevsky,E (2716) Doha 2016}) 9. Ne1 Qc7 10. Nd3 Ng6 11. Be3 O-O-O 12. f4 Bxd3 (12... c5 $5) 13. Bxd3 Nxf4 14. Bxf4 (14. g3 $5 {[%cal Rg3f4]} Nxd3 15. cxd3 $11) 14... gxf4 15. Qg4 $146 (15. Qh5 $1 $11 {remains equal.}) ({Predecessor:} 15. Qf3) 15... c5 $17 {[%cal Bc6c5,Bc5c4][%mdl 32]} 16. Bb5 c4 17. Bxd7+ Rxd7 18. Nd2 (18. Nc1 $17 {might work better.}) 18... Qb6 $19 19. Qxf4 Qxb2 20. Rac1 {[#]} h5 $1 ({Resist} 20... Qxa2 21. Nf3 $17) 21. Kh1 {White hopes to continue with Nf3.Black has a decisive advantage.} Bh6 ({Less strong is} 21... Qxa2 22. Nf3 $17) 22. Qf6 Rh7 ({Worse is} 22... Bxd2 23. Qxh8+ Rd8 24. Rb1 $11) 23. Qf2 Qxa2 {Precision: White = 25%, Black = 89%.} 0-1

[Event "EICC 2017"]
[Site "Minsk"]
[Date "2017.05.31"]
[Round "2"]
[White "Demianjuk, Alexander"]
[Black "Rozum, Ivan"]
[Result "0-1"]
[WhiteElo "2328"]
[BlackElo "2606"]
[Annotator "TA"]
[PlyCount "62"]
[EventDate "2017.??.??"]
[EventCountry "BLR"]
[SourceTitle "playchess.com"]
[Source "ChessBase"]
[SourceQuality "1"]

{[%evp 13,62,0,0,0,12,-10,26,22,18,0,26,-95,-83,-99,-126,-99,-108,-104,-93,-98,-77,-107,-114,-238,-249,-238,-151,-350,-212,-203,-194,-209,-208,-223,-225,-211,-211,-195,-206,-233,-233,-285,-280,-378,-372,-594,-591,-765,-734,-675,-653]} 1. d4 Nf6 2. c4 e6 3. Nc3 Bb4 4. Qc2 O-O 5. a3 Bxc3+ 6. Qxc3 d6 7. g3 e5 8. dxe5 {E32: Nimzo-Indian: Classical (4 Qc2): 4...0-0} dxe5 9. Bg2 Qe7 (9... Re8 10. Nf3 Nc6 11. Be3 a5 12. O-O Qe7 13. b3 Bf5 14. Rfd1 h6 15. h3 Be4 {½-½ (23) Maiorov,N (2596)-Zhigalko,S (2681) Minsk 2015}) 10. b4 {White has an edge.} Nc6 11. Bb2 $146 ({Predecessor:} 11. b5 Nd4 12. Nf3 Bg4 13. Ra2 Qc5 14. Be3 Rfd8 15. Qb4 Qxb4+ 16. axb4 {1-0 (52) Eames,R (2315)-Osborne,M (2270) Sunningdale 2008}) 11... Nd4 12. Kf1 {[#]} (12. Nf3 $1 $11) 12... Bf5 $1 $17 13. Bxb7 Rad8 {...c6 is the strong threat.} 14. Bg2 Ne4 15. Bxe4 Bxe4 16. f3 Bb7 {[%mdl 1024] Black has strong compensation.} 17. h4 e4 $36 {[%mdl 2048] White is under strong pressure.} 18. Qe3 (18. Re1 $17) 18... Nf5 $19 19. Qf4 Qe6 {Hoping for ...exf3.} 20. Qe5 $2 (20. g4 $17 Nd6 21. Qe5 Qxe5 22. Bxe5) 20... Qg6 21. h5 Qg5 ({Much less strong is} 21... Nxg3+ 22. Ke1) 22. g4 exf3 23. Qxf5 fxe2+ 24. Nxe2 Qxf5+ 25. gxf5 {[#] Strongly threatening Rg1.} Bxh1 26. Kf2 Be4 27. f6 Rd2 28. fxg7 Re8 ({Worse is} 28... Rxb2 29. gxf8=B Kxf8 30. Ke3 $11) 29. Bc1 (29. Bc3 $142 Rd3 30. Bd4) 29... Rc2 {Black is clearly winning.} 30. Be3 Bd3 31. Re1 f5 {Precision: White = 33%, Black = 74%.} 0-1